000 01995cam a22005054i 4500
003 PE-LiUPU
005 20250731165502.0
008 150623s r 000 0 d
020 _a1850759235
035 _a(Sirsi) i9781850759232
040 _aPE-LiUPU
_bspa
_cPE-LiUPU
_erda
049 _aPRUA
082 0 4 _a225.077
_bJ
_221
100 1 _aAmador, J. David Hester,
_eautor.
245 1 0 _aAcademic constraints in rhetorical criticism of the New Testament :
_ban introduction to a rhetoric of power.
_n174 /
_cJ. David Hester Amador.
264 1 _aSheffield, Inglaterra :
_bSheffield Academic Press,
_c1999.
300 _a354 páginas ;
_c24 centímetros
336 _atext
_2rdacontent
337 _aunmediated
_2rdamedia
338 _avolume
_2rdacarrier
490 0 _aJournal for the Study of the New Testament. Supplement Series ;
_v174
504 _aIncluye bibliografía.
505 0 _aAre all sales final, or can I return this book?. -What is the lay of the land?. -Toward a definition of a rhetoric of power. -The New Rhetorial criticism (s) and new Testaments exegesis.
526 _aSEG44
526 _aSEG26
526 _aP151
526 _aP150
526 _aP149
526 _aP146
526 _aP145
526 _aP126
526 _aP125
526 _aP92
526 _aP75
526 _aP74
526 _aP27
526 _aP15
630 0 4 _aBiblia.
_pN.T.
_xCrítica, interpretación, etc.
942 _2ddc
_cBOOK
949 _aRC 225.077 J 174
_wDEWEY
_c1
_i46438
_lCCODEBUL1
_mBUL
_r0
_sY
_tBOOK
_u2015-6-24
_xTEOLOGIA
_PP35
_0COMPRA
_o.CIRCNOTE. No olvidar cambiar la fecha de devolución!!!!!!!
_o.STAFF. Colección General
994 _aC0
_bPEPRU
596 _a1
999 _aRC 225.077 J 174
_wDEWEY
_c23204
_i46438
_f2021-11-8
_g7
_lCCODEBUL1
_mBUL
_r1
_sY
_tBOOK
_u2015-6-24
_xTEOLOGIA
_PP35
_0COMPRA
_o.CIRCNOTE. No olvidar cambiar la fecha de devolución!!!!!!!
_o.STAFF. Colección General
_d23204
980 _81
_gALBERTO SANCHEZ Responsable de Automatización